Educar: ese acto político
Gespeichert in:
| Hauptverfasser: | , |
|---|---|
| Format: | Buch |
| Sprache: | Spanisch |
| Veröffentlicht: |
Buenos Aires
Del Estante Editorial
2005
|
| Ausgabe: | 1a. ed |
| Schriftenreihe: | Serie Seminarios del CEM
|
| Schlagworte: | |
| Tags: |
Tag hinzufügen
Keine Tags, Fügen Sie den ersten Tag hinzu!
|
MARC
| LEADER | 00000cam a2200000 a 4500 | ||
|---|---|---|---|
| 001 | UCD7679 | ||
| 003 | CL-VaPUC | ||
| 008 | 170331e20050000ag |||||||||||||||||spa|d | ||
| 020 | |a 9872195412 | ||
| 082 | 0 | 4 | |a 370.11 |b FRI |2 21 |
| 100 | 0 | |a Frigerio, Graciela |e author |9 591698 | |
| 700 | 0 | |a Diker, Gabriela |e author |9 591699 | |
| 245 | 1 | 0 | |a Educar: ese acto político |
| 250 | |a 1a. ed | ||
| 300 | |a 254 p | ||
| 942 | |c BK | ||
| 945 | |d 20170331 00:58:00 |a arojas | ||
| 260 | |a Buenos Aires |b Del Estante Editorial |c 2005 | ||
| 650 | 0 | |a Filosofía de la educación |9 258384 | |
| 650 | 0 | |a Sociología de la educación |9 260380 | |
| 650 | 0 | |a Estado y educación |9 311264 | |
| 583 | |a last modification |c 20170504 12:49:15 |k Rodrigo Vera | ||
| 490 | 0 | |a Serie Seminarios del CEM | |
| 999 | |c 367646 |d 367644 | ||
| 952 | |0 0 |1 0 |3 erb |4 0 |6 370_110000000000000_FRI_2005 |7 0 |8 A |9 482648 |a BIBEDU |b BIBEDU |i 5370361 |o 370.11 FRI 2005 |p 5370361 |r 2019-11-24 |w 2019-11-24 |y BK |z Catalogado en:20170331 |k EPE | ||
| 952 | |0 0 |1 0 |3 erb |4 0 |6 370_110000000000000_FRI_2005 |7 0 |8 A |9 482649 |a BIBEDU |b BIBEDU |i 537037K |l 1 |o 370.11 FRI 2005 |p 537037K |r 2025-04-09 |s 2025-04-02 |w 2019-11-24 |y BK |z Catalogado en:20170331 |k EPE | ||